Peinture par lettre - E - Statistiques

Statistiques générales
  • Ce quiz a été pris 103 fois
  • Le résultat moyen est 9 sur 20
Statistiques - réponses
Indices Réponses % Correct
Contrairement à la peinture à l'huile, la gouache et l'aquarelle se diluent dans cette substance eau
92%
Présentation de réalisations artistiques à un public exposition
86%
Substance liquide ou pâteuse fortement teintée qui sert à marquer le papier encre
74%
Action d'ajouter une bordure à un tableau pour le mettre en valeur encadrement
68%
Décoration faite à la main ornant un manuscrit enluminure
67%
Celles de Barbizon, du Danube ou de Pont-Aven sont célèbres écoles
66%
Courant artistique apparu au début du XXe siècle amené par les œuvres de Van Gogh puis de Munch expressionnisme
64%
Résultat de l'impression d'une gravure qui n'inclut pas un procédé d'incision ou de morsure, cher au Japon et à la Chine notamment estampe
52%
Objet naturel ou synthétique poreux utile en peinture éponge
42%
Matière peinte qui est la spécialité de Limoges et de Longwy émail
41%
Celui du comte d'Orgaz est peint par Le Greco, celui à Ornans est peint par Courbet enterrement
41%
Commencement et première forme d'une œuvre peinte ébauche
35%
Évènement légendaire de l'Histoire de Rome peint par de nombreux artistes dont Poussin L'Enlèvement des Sabines
34%
Quartier de Marseille très souvent peint par Cézanne, Renoir et Braque L'Estaque
32%
Œuvre la plus célèbre de Raphaël L'École d'Athènes
29%
Discipline synonyme de philosophie de l'art esthétique
13%
Peintre germano-américano-français dadaïste et surréaliste initiateur du "grattage", du "frottage" et connu pour son dripping Max Ernst
12%
Synonyme de "peinture à la cire" peinture à l'{encaustique}
11%
En gravure, feuille d'essai imprimée sur une planche permettant de juger si des retouches sont nécessaires épreuve
7%
Peinture sur un tissu très fin ou sur une plaque de verre peinture {éludorique}
1%
Aucun quiz correspondant
Distribution des résultats
% des personnes avec chaque résultat
Percentile par nombre de réponses
Votre historique - résultats
Vous n’avez pas pris ce quiz